Šokujúca pravda o vode prečo umierame predčasne

Bibliographic Details
Main Authors: Bragg, Paul C. (Author), Bragg, Patricia (Author)
Other Authors: Ošvartová, E. (Translator)
Format: Book
Language:Slovak
PhysicalDescription:183 s. ilustr. 20 cm
Published: Bratislava Eko-konzult 2013
ISBN:9788080791803
Subjects:

MARC

LEADER 00000cam a2200000 a 4500
001 vtls010544700
003 SK-MaSNL
005 20260301183004.0
008 240315s2013 xo a g 000 0 slo
015 |a SNBA2013/10 
020 |a 9788080791803  |q (brož.) 
035 |a 0F0FF6A5-7D99-4E18-B2F1-ED4E81C86E36 
035 |a urn:nbn:sk:snk-aml71e 
035 |a urn:nbn:sk:snk-am008u1f 
040 |a SNK  |b slo  |c SNK  |e AACR2 
041 1 |a slo  |h [eng] 
044 |a xo  |c SK 
072 7 |a 613  |x Hygiena. Ľudské zdravie  |2 konspekt 
080 |a 556  |2 2001 
080 |a 613.3  |2 2001 
080 |a 613.2  |2 2001 
080 |a (0.062)  |2 2001 
100 1 |a Bragg, Paul C.  |4 aut  |9 557644 
245 1 0 |a Šokujúca pravda o vode  |b prečo umierame predčasne  |c Paul C. Bragg, Patricia Braggová ; [preložila E. Ošvartová] 
260 |a Bratislava  |b Eko-konzult  |c 2013 
300 |a 183 s.  |b ilustr.  |c 20 cm 
500 |a Biogr. údaje 
650 0 7 |a voda  |2 SNKPH  |9 854 
650 0 7 |a pitný režim  |2 SNKPH  |9 69749 
650 0 7 |a zdravá výživa  |2 SNKPH  |9 66259 
650 0 7 |a Water  |2 SNKPHeng  |9 291971 
650 0 7 |a Drinkable regimen  |2 SNKPHeng  |9 426009 
650 0 7 |a Healthy eating  |2 SNKPHeng  |9 267865 
655 7 |a populárno-náučné publikácie  |2 SNKPH  |9 70460 
655 7 |a Popular works  |2 SNKPHeng  |9 90287 
700 1 |a Bragg, Patricia  |4 aut  |9 557645 
700 1 |a Ošvartová, E.  |4 trl  |9 557646 
852 |a Štátna vedecká knižnica v Banskej Bystrici 
919 |a 978-80-8079-180-3 
958 |a OP 
958 |a MI 
999 |c 855461  |d 857391 
952 |a SNK  |b SNK  |y PREZ  |7 0  |p 17A1084128  |o snkSC 156256  |i snk2013/23472  |8 0  |0 0  |1 0  |4 0  |d 2013-10-02  |f 1  |l 0  |r 2025-08-18 00:00:00  |w 2026-02-24 
952 |a SNK  |b SNK  |y VYP  |7 0  |p 17A1084127  |o snkSC 156256 D1  |i snk2013/23473  |8 0  |0 0  |1 0  |4 0  |d 2013-10-02  |l 0  |r 2026-02-24 04:55:02  |w 2026-02-24